Los oradores romanos : (Record no. 134264)

MARC details
000 -LEADER
campo de control de longitud fija 01117nam a2200277 i 4500
001 - NÚMERO DE CONTROL
campo de control 134264
003 - IDENTIFICADOR DE NÚMERO DE CONTROL
campo de control ES-MaACL
005 - FECHA Y HORA DE LA ÚLTIMA TRANSACCIÓN
campo de control 20240424063055.0
007 - CAMPO FIJO DE DESCRIPCIÓN FÍSICA--INFORMACIÓN GENERAL
campo de control de longitud fija t|
008 - DATOS DE LONGITUD FIJA--INFORMACIÓN GENERAL
campo de control de longitud fija 070907s1883 sp ||||1| spa d
040 ## - FUENTE DE CATALOGACIÓN
Centro/agencia transcriptor ES-MaACL
080 ## - NÚMERO DE LA CLASIFICACIÓN DECIMAL UNIVERSAL
Número de la Clasificación Decimal Universal 82.085(04)(376)
100 1# - ENTRADA PRINCIPAL--NOMBRE DE PERSONA
Nombre de persona Roda, Arcadio,
Fechas asociadas al nombre 1844-1921
9 (RLIN) 143307
Término indicativo de función/relación Autor
245 14 - MENCIÓN DEL TÍTULO
Título Los oradores romanos :
Resto del título lecciones explicadas en el Ateneo Científico y Literario de Madrid, en el curso de 1873-74 /
Mención de responsabilidad, etc. por Arcadio Roda ; con un prólogo del Excmo Sr. D. A. Cánovas del Castillo.
260 ## - PUBLICACIÓN, DISTRIBUCIÓN, ETC.
Lugar de publicación, distribución, etc. Madrid :
Nombre del editor, distribuidor, etc. Librería de V. Suárez,
Fecha de publicación, distribución, etc. 1883.
300 ## - DESCRIPCIÓN FÍSICA
Extensión 390 páginas ;
Dimensiones 19 cm.
530 ## - NOTA DISPONIBLE DE FORMULARIO FÍSICO ADICIONAL
Nota de formato físico adicional disponible Disponible en formato digital
610 24 - PUNTO DE ACCESO ADICIONAL DE MATERIA--NOMBRE DE ENTIDAD CORPORATIVA
Nombre de entidad corporativa o nombre de jurisdicción como elemento de entrada Ateneo de Madrid-
Subdivisión de forma Conferencias-
Subdivisión cronológica S.XIX.
9 (RLIN) 1910
650 14 - PUNTO DE ACCESO ADICIONAL DE MATERIA--TÉRMINO DE MATERIA
Término de materia o nombre geográfico como elemento de entrada Oratoria-
Subdivisión geográfica Roma.
9 (RLIN) 143717
700 1# - ENTRADA AGREGADA--NOMBRE PERSONAL
Nombre de persona Cánovas del Castillo, Antonio,
Fechas asociadas al nombre 1828-1897
9 (RLIN) 34600
Término indicativo de función/relación Autor de introducción
852 ## - LOCALIZACIÓN
Ubicación ES-MaACL
Ubicación en estantería Sala Pecera Planta 3
Número de control de estantería G-8972
856 ## - LOCALIZACIÓN Y ACCESO ELECTRÓNICOS
Identificador Uniforme de Recursos <a href="https://archive.org/details/losoradoresroma00rodagoog/page/n8/mode/2up">https://archive.org/details/losoradoresroma00rodagoog/page/n8/mode/2up</a>
Texto de enlace Versión en línea
Nota pública (Internet Archive)
942 ## - ELEMENTOS DE ENTRADA SECUNDARIOS (KOHA)
Tipo de ítem Koha Libro impreso antiguo
Suprimir en OPAC No
Holdings
Estatus retirado Estado de pérdida Fuente del sistema de clasificación o colocación Estado de daño No para préstamo Colección Biblioteca de origen Biblioteca actual Ubicación en estantería Fecha de adquisición Número de control de estantería Total de préstamos Signatura topográfica completa Código de barras Visto por última vez Tipo de ítem Koha
    Clasificación decimal universal     Colección digital Biblioteca del Ateneo de Madrid Biblioteca del Ateneo de Madrid Sala Pecera Planta 3 17/01/2008 Ateneísta   G-8972 1139758 23/02/2023 Libro impreso antiguo